000 00516nam a2200169Ia 4500
003 GCL
008 140319s9999 xx 000 0 ara d
040 _aGCL /
_cGCL
082 0 4 _a810.96
_bأ أ
100 1 _aاحمد هيكل
245 1 0 _aالادب الاندلسى: من الفتخ الى سقوط الخلافة /
_cاحمد هيكل
260 _aالقاهرة :
_bدار المعارف ،
_c1994
300 _a416 ص ؛
_c24 سم
490 _a
650 0 4 _aالادب العربى
942 _2ddc
_cBK
999 _c55828
_d55828